000 01270cam a2200133 4500500
005 20260405085453.0
041 _afre
042 _adc
100 1 0 _aBruneteau, Bernard
_eauthor
245 0 0 _aUn siècle de génocides : Des Hereros au Darfour (1904-2004)
260 _bArmand Colin,
_c2016.
520 _aLe XXe siècle restera celui de l'épouvante. Il a commencé avec l'éradication des Hereros en 1904 et s'est terminé avec les massacres du Darfour en 2004. Entre ces deux moments, le monde aura été le témoin des grands massacres de l'ère stalinienne, de l'immense tragédie de la Shoah, de la disparition d'une partie du peuple cambodgien.Cet essai met en perspective les entreprises exterminatrices les plus marquantes du XXe siècle. Leur histoire montre que le crime de génocide se fonde sur le ciblage stigmatisant d'un groupe à partir de la définition aussi arbitraire que délirante qu'en donne le perpétrateur. Aussi l'auteur s'attache-t-il en permanence à répondre à deux questions : qu'est-ce qui détermine l'intention ultime du génocide ? qu'est-ce qui autorise le génocide à se présenter comme une "solution" ?
856 4 1 _uhttps://shs.cairn.info/un-siecle-de-genocides--9782200613105?lang=fr&redirect-ssocas=7080
999 _c2197839
_d2197839